| 000 | 00376nam a2200145Ia 4500 | ||
|---|---|---|---|
| 008 | 230312s9999||||xx |||||||||||||| ||und|| | ||
| 020 | _a0-6423340-4-6 | ||
| 082 |
_a759.4074947 _bMUS-M |
||
| 100 | _aMusée d'Orsay | ||
| 245 | 0 | _aMasterpieces from Paris | |
| 260 |
_bNational Gallary of Austrailia _aAustralia _c2009 |
||
| 300 | _a296 | ||
| 650 | _aArchitecture | ||
| 942 | _cBK | ||
| 999 |
_c11907 _d11907 |
||